DATA ESTRUCTURES : (Registro nro. 50097)
[ vista simple ]
| 000 -LEADER | |
|---|---|
| fixed length control field | 00856nam a2200205 a 4500 |
| 001 - CONTROL NUMBER | |
| control field | 50097 |
| 005 - DATE AND TIME OF LATEST TRANSACTION | |
| control field | 20180714035036.0 |
| 008 - FIXED-LENGTH DATA ELEMENTS--GENERAL INFORMATION | |
| fixed length control field | 140415d 000 0 spa d |
| 020 ## - INTERNATIONAL STANDARD BOOK NUMBER | |
| International Standard Book Number | 0131988476 |
| 041 ## - LANGUAGE CODE | |
| Language code of text/sound track or separate title | spa |
| 082 ## - DEWEY DECIMAL CLASSIFICATION NUMBER | |
| Classification number | 005.133 |
| Item number | ESA |
| 100 1# - MAIN ENTRY--PERSONAL NAME | |
| Personal name | ESAKOV, JEFFREY |
| 245 10 - TITLE STATEMENT | |
| Title | DATA ESTRUCTURES : |
| Remainder of title | AN ADVANCED APPROACH USUNG C |
| 250 ## - EDITION STATEMENT | |
| Edition statement | 1a ed. |
| 260 ## - PUBLICATION, DISTRIBUTION, ETC. | |
| Place of publication, distribution, etc. | [s.l.] : |
| Name of publisher, distributor, etc. | PRENTICE-HALL, INC., |
| Date of publication, distribution, etc. | [s.f.] |
| 300 ## - PHYSICAL DESCRIPTION | |
| Extent | 750 |
| Dimensions | 23.3 x 17.4 x 2.1 |
| 520 ## - SUMMARY, ETC. | |
| Summary, etc. | THIS UP-TO-DATE TREATMENT OF DATA STRUCTURES PRESENTS TECHNIQUES FOR WRITING VERSATILE, PORTABLE, AND READABLE C PROGRAMAS . THROUGHOUT, THE AUTHORS EMPHASIZE MODERN PROGRAMMING PRACTICES SUCH AS DYNAMIC MEMORY ALLOCATION, RECURSION, DATA ABSTRACTION, AND POLYMORPHIC DATA STRUCTURES |
| 650 14 - SUBJECT ADDED ENTRY--TOPICAL TERM | |
| Topical term or geographic name entry element | PROGRAMACION (COMPUTADORES ELECTRICOS) |
| 700 1# - ADDED ENTRY--PERSONAL NAME | |
| Personal name | WEISS, TOM |
| Relator term | coaut. |
| Withdrawn status | Lost status | Source of classification or shelving scheme | Damaged status | Not for loan | Collection code | Home library | Current library | Shelving location | Date acquired | Source of acquisition | Inventory number | Total Checkouts | Full call number | Barcode | Date last seen | Date last checked out | Price effective from | Koha item type |
|---|---|---|---|---|---|---|---|---|---|---|---|---|---|---|---|---|---|---|
| Dewey Decimal Classification | General | Biblioteca Karol Wojtyla | Biblioteca Karol Wojtyla | Sala general | 03/12/2013 | Compra | 151000000000000000064502 | 2 | '005.133 ESA | 74807 | 05/01/2026 | 11/03/2025 | 03/12/2013 | Libro |